000 00438nam a22001217a 4500
008 230612b xxu||||| |||| 00| 0 eng d
082 _a354.676
_bGOK
100 _cGOK
245 _a2009/2010 District Allocation Budget and Project Details of the GOK for the Year Ending 30th June, 2010
_bVote R18 and D18
_cMinistry of Gender, Children and Social Development
260 _aNairobi, Kenya
_bGOK
_cJune 2010
300 _a114p
942 _2ddc
_cBK
999 _c1070
_d1070